Проблемы и преспективы освоения арктиктического шельфа России; Творчество юных - шаг в успешное будущее

Dades bibliogràfiques
Parent link:Творчество юных - шаг в успешное будущее.— 2016.— [С. 481-484]
Autor principal: Шафиков В. П.
Autor corporatiu: Национальный исследовательский Томский политехнический университет (ТПУ) Институт природных ресурсов (ИПР) Кафедра экономики природных ресурсов (ЭПР)
Altres autors: Пожарницкая О. В. Ольга Вячеславовна (научный руководитель)
Sumari:Заглавие с титульного экрана
Idioma:rus
Publicat: 2016
Col·lecció:Экономика освоения Арктики и её ресурсов
Matèries:
Accés en línia:http://earchive.tpu.ru/handle/11683/36787
Format: MixedMaterials Electrònic Capítol de llibre
KOHA link:https://koha.lib.tpu.ru/cgi-bin/koha/opac-detail.pl?biblionumber=622057

MARC

LEADER 00000naa2a2200000 4500
001 622057
005 20231101133207.0
035 |a (RuTPU)RU\TPU\conf\20709 
035 |a RU\TPU\conf\20708 
090 |a 622057 
100 |a 20170206d2016 k y0rusy50 ca 
101 0 |a rus 
102 |a RU 
105 |a y z 101zy 
135 |a drcn ---uucaa 
181 0 |a i  
182 0 |a b 
200 1 |a Проблемы и преспективы освоения арктиктического шельфа России  |f В. П. Шафиков  |g науч. рук. О. В. Пожарницкая 
203 |a Текст  |c электронный 
225 1 |a Экономика освоения Арктики и её ресурсов 
230 |a 1 компьютерный файл (pdf; 459 Kb) 
300 |a Заглавие с титульного экрана 
320 |a [Библиогр.: с. 483-484 (8 назв.)] 
463 1 |0 (RuTPU)RU\TPU\conf\20537  |t Творчество юных - шаг в успешное будущее  |o Арктика и её освоение  |o материалы IX Всероссийской научной молодежной конференции с международным участием с элементами научной школы имени профессора М.К. Коровина, г. Томск, 10-14 октября 2016 г.  |f Национальный исследовательский Томский политехнический университет (ТПУ) ; под ред. А. Ю. Дмитриева  |v [С. 481-484]  |d 2016 
610 1 |a труды учёных ТПУ 
610 1 |a электронные ресурсы 
610 1 |a Арктика 
610 1 |a шельфы 
610 1 |a Россия 
610 1 |a углеводороды 
610 1 |a Северный морской путь 
700 1 |a Шафиков  |b В. П. 
702 1 |a Пожарницкая  |b О. В.  |c экономист  |c доцент Томского политехнического университета, кандидат экономических наук  |f 1972-  |g Ольга Вячеславовна  |2 stltpush  |3 (RuTPU)RU\TPU\pers\30204  |4 727 
712 0 2 |a Национальный исследовательский Томский политехнический университет (ТПУ)  |b Институт природных ресурсов (ИПР)  |b Кафедра экономики природных ресурсов (ЭПР)  |h 3659  |2 stltpush  |3 (RuTPU)RU\TPU\col\18668 
801 2 |a RU  |b 63413507  |c 20180315  |g RCR 
856 4 |u http://earchive.tpu.ru/handle/11683/36787 
942 |c BK